Электрические и электронные аппараты. Прикладные задачи виброударозащиты: учебное пособие для академического бакалавриата

Dades bibliogràfiques
Autor principal: Мишенков Г. В. Герман Васильевич
Altres autors: Позняк Е. В. Елена Викторовна, Хроматов В. Е. Василий Ефимович
Sumari:Серия "Университеты России" позволит высшим учебным заведениям нашей страны использовать в образовательном процессе учебники и учебные пособия но различным дисциплинам, подготовленные преподавателями лучших университетов России и впервые опубликованные в издательствах университетов. Все представленные в этой серии учебники прошли экспертную оценку учебно-методического отдела издательства и публикуются в оригинальной редакции. В учебном пособии излагаются теоретические и практические методы расчета и проектирования виброзащитных устройств, особенности расчета и применения упругих амортизаторов, рекомендации по снижению вибраций и способам отстройки от резонанса. Также издание снабжено примерами, иллюстрациями и библиографическим списком.
Idioma:rus
Publicat: Москва, Юрайт, 2019
Edició:2-е изд., испр. и доп.
Col·lecció:Университеты России
Matèries:
Format: Llibre
KOHA link:https://koha.lib.tpu.ru/cgi-bin/koha/opac-detail.pl?biblionumber=324394

MARC

LEADER 00000nam0a2200000 4500
001 324394
005 20231102003650.0
010 |a 9785991696524 
035 |a (RuTPU)RU\TPU\book\349992 
090 |a 324394 
100 |a 20161115d2019 m y0rusy50 ca 
101 0 |a rus 
102 |a RU 
105 |a a j 001zy 
200 1 |a Электрические и электронные аппараты. Прикладные задачи виброударозащиты  |e учебное пособие для академического бакалавриата  |f Г. В. Мишенков, Е. В. Позняк, В. Е. Хроматов 
205 |a 2-е изд., испр. и доп. 
210 |a Москва  |c Юрайт  |d 2019 
215 |a 151 с.  |c ил. 
225 1 |a Университеты России 
320 |a Библиогр.: с. 147-150 
330 |a Серия "Университеты России" позволит высшим учебным заведениям нашей страны использовать в образовательном процессе учебники и учебные пособия но различным дисциплинам, подготовленные преподавателями лучших университетов России и впервые опубликованные в издательствах университетов. Все представленные в этой серии учебники прошли экспертную оценку учебно-методического отдела издательства и публикуются в оригинальной редакции. В учебном пособии излагаются теоретические и практические методы расчета и проектирования виброзащитных устройств, особенности расчета и применения упругих амортизаторов, рекомендации по снижению вибраций и способам отстройки от резонанса. Также издание снабжено примерами, иллюстрациями и библиографическим списком. 
606 1 |a Виброзащита  |2 stltpush  |3 (RuTPU)RU\TPU\subj\51892  |9 70395 
610 1 |a свободные колебания 
610 1 |a уравнения движения 
610 1 |a собственные колебания 
610 1 |a вынужденные колебания 
610 1 |a неупругое сопротивление 
610 1 |a виброударозащита 
610 1 |a виброизоляция 
610 1 |a механические воздействия 
610 1 |a вибрационные воздействия 
610 1 |a амортизаторы 
610 1 |a крутильные колебания 
610 1 |a поглотители 
610 1 |a самонастраивающиеся гасители 
610 1 |a резинометаллические амортизаторы 
610 1 |a расчет 
610 1 |a учебные пособия 
675 |a 62-752(075.8)  |v 4 
700 1 |a Мишенков  |b Г. В.  |g Герман Васильевич 
701 1 |a Позняк  |b Е. В.  |g Елена Викторовна 
701 1 |a Хроматов  |b В. Е.  |g Василий Ефимович 
801 1 |a RU  |b 63413507  |c 20161115 
801 2 |a RU  |b 63413507  |c 20190621  |g RCR 
942 |c BK 
959 |a 4/20170125  |d 1  |e 339,00  |f ЧЗТЛ:1